[Event "Julius Baer Gen Cup D3 L"]
[Site "chess.com INT"]
[Date "2024.09.29"]
[Round "5.1"]
[White "Sindarov, Javokhir"]
[Black "Yoo, Christopher Woojin"]
[Result "1-0"]
[WhiteTitle "GM"]
[BlackTitle "GM"]
[WhiteElo "2677"]
[BlackElo "2603"]
[WhiteFideId "14205483"]
[BlackFideId "30909694"]
[EventDate "2024.09.27"]
[EventType "k.o."]

1. e4 e5 2. Nf3 Nf6 3. d4 Nxe4 4. dxe5 d5 5. Nbd2 Qd7 6. Bd3 Nc5 7. Be2 Be7 8.
O-O O-O 9. Re1 Nc6 10. Nb3 Ne6 11. c3 f6 12. exf6 Bxf6 13. Be3 Qd6 14. Qd2 a5
15. a4 Ne5 16. Red1 Rd8 17. Nxe5 Bxe5 18. g3 b6 19. Bf3 Bb7 20. c4 Qf8 21. Bxd5
Rxd5 22. cxd5 Qf3 23. Qd3 Ba6 24. Qc2 Bb7 25. Qc4 Bxb2 26. Rab1 Bf6 27. Rd2 Rd8
28. Rbd1 Ng5 29. Bxg5 Bxg5 30. Qxc7 Qxb3 31. Rd3 Qxa4 32. Qxb7 Qb4 33. d6 Bf6
34. Qd5+ 1-0

[Event "Julius Baer Gen Cup D3 L"]
[Site "chess.com INT"]
[Date "2024.09.29"]
[Round "5.2"]
[White "Niemann, Hans Moke"]
[Black "Gelfand, Boris"]
[Result "1/2-1/2"]
[WhiteTitle "GM"]
[BlackTitle "GM"]
[WhiteElo "2733"]
[BlackElo "2658"]
[WhiteFideId "2093596"]
[BlackFideId "2805677"]
[EventDate "2024.09.27"]
[EventType "k.o."]

1. e4 e5 2. Nf3 Nf6 3. Nxe5 d6 4. Nf3 Nxe4 5. Qe2 Qe7 6. g3 Nf6 7. Bg2 Nc6 8. d3
Qxe2+ 9. Kxe2 Bg4 10. c3 O-O-O 11. h3 Re8+ 12. Be3 Bd7 13. c4 d5 14. cxd5 Nxd5
15. Nc3 Nxe3 16. fxe3 Bc5 17. Ne4 Bb6 18. Rac1 Re7 19. g4 Rhe8 20. Nfd2 Kb8 21.
Rhf1 Ne5 22. b3 Ng6 23. Nc4 Nh4 24. Bh1 f5 25. gxf5 Nxf5 26. Rf4 g6 27. a4 a5
28. Nxb6 cxb6 29. Kd2 Rd8 30. Nf6 Bc6 31. Bxc6 bxc6 32. Re4 Rxe4 33. Nxe4 c5 34.
Nf6 h6 35. Rg1 g5 36. Rf1 Ne7 37. Ng4 Nd5 38. Rf7 Re8 39. Rd7 Nb4 40. Nxh6 Rh8
41. Nf7 Rxh3 42. Nxg5 Rh2+ 43. Kd1 Rb2 44. d4 cxd4 45. Rxd4 Rxb3 46. e4 Rd3+ 47.
Rxd3 Nxd3 48. Ne6 Nb2+ 49. Kc2 Nxa4 50. e5 Kc8 51. Nd4 Kd7 52. Kb3 Nc5+ 53. Kc4
Ne6 54. Nf5 Nc7 55. Nd4 Ke7 56. Kb3 Ne6 57. Nf5+ Kd8 58. Kc4 Nc7 59. Nd4 Kd7 60.
Kc3 Ne6 61. Nb5 Kc6 62. Kc4 Nc7 63. Nd4+ Kd7 64. Kc3 Ne6 65. Nb5 Nf4 66. Kd4 Ng6
67. Kd5 Ne7+ 68. Kd4 Kc6 69. Kc4 Ng6 70. Nd4+ Kc7 71. Kd5 Nxe5 72. Kxe5 b5 73.
Kd5 b4 74. Kc4 Kb6 75. Kb3 a4+ 76. Kxb4 a3 77. Kxa3 1/2-1/2

[Event "Julius Baer Gen Cup D3 L"]
[Site "chess.com INT"]
[Date "2024.09.29"]
[Round "5.2"]
[White "Yoo, Christopher Woojin"]
[Black "Sindarov, Javokhir"]
[Result "1/2-1/2"]
[WhiteTitle "GM"]
[BlackTitle "GM"]
[WhiteElo "2603"]
[BlackElo "2677"]
[WhiteFideId "30909694"]
[BlackFideId "14205483"]
[EventDate "2024.09.27"]
[EventType "k.o."]

1. e4 c5 2. Nf3 e6 3. c3 d5 4. exd5 exd5 5. Bb5+ Nc6 6. O-O Bd6 7. d4 Ne7 8.
dxc5 Bxc5 9. Nbd2 O-O 10. Nb3 Bb6 11. h3 Qd6 12. Nbd4 Nf5 13. Ne2 h6 14. Bf4 Qd8
15. Qd2 Be6 16. Rad1 Nd6 17. Bxd6 Qxd6 18. Nf4 Rad8 19. Rfe1 Bc7 20. g3 Bb6 21.
Qd3 Bxh3 22. Qxd5 Qf6 23. Qh5 Rxd1 24. Rxd1 Be6 25. Nxe6 Qxe6 26. b3 Qf6 27. Rd3
Rd8 28. Rxd8+ Nxd8 29. c4 Ne6 30. Qd5 Ng5 31. Kg2 Qxf3+ 32. Qxf3 Nxf3 33. Kxf3
Kf8 34. Bd7 Bc5 35. Bc8 b6 36. Bh3 Ke7 37. Ke2 g6 38. Bg2 a5 39. Bd5 h5 40. Kf3
f5 41. Kg2 Kf6 42. Bc6 Bd6 43. Be8 f4 44. Kf3 fxg3 45. fxg3 Bc5 46. Kg2 Bd6 47.
Kh3 Bc5 48. g4 hxg4+ 49. Kxg4 g5 50. Bb5 Be7 51. Be8 Ke5 52. Bf7 Kd4 53. a4 Kc3
54. c5 bxc5 55. Bc4 Kb4 56. Bg8 Bf6 57. Bc4 Bd8 58. Bg8 Be7 59. Bc4 Bd8 60. Bg8
Be7 61. Bc4 Bd8 1/2-1/2

[Event "Julius Baer Gen Cup D3 L"]
[Site "chess.com INT"]
[Date "2024.09.29"]
[Round "5.3"]
[White "Niemann, Hans Moke"]
[Black "Gelfand, Boris"]
[Result "1/2-1/2"]
[WhiteTitle "GM"]
[BlackTitle "GM"]
[WhiteElo "2733"]
[BlackElo "2658"]
[WhiteFideId "2093596"]
[BlackFideId "2805677"]
[EventDate "2024.09.27"]
[EventType "k.o."]

1. e4 e5 2. Nf3 Nf6 3. Nxe5 d6 4. Nf3 Nxe4 5. Qe2 Qe7 6. g3 Nf6 7. Bg2 Nc6 8. d3
Qxe2+ 9. Kxe2 Bg4 10. Re1 O-O-O 11. Kf1 h6 12. a3 Be7 13. h3 Bd7 14. Nc3 Rhe8
15. b4 Bf8 16. Be3 Kb8 17. Nd4 g6 18. b5 Nxd4 19. Bxd4 Bg7 20. Nd5 Nh5 21. Rxe8
Rxe8 22. Bxg7 Nxg7 23. Nf6 Rd8 24. c4 Bf5 25. Rd1 h5 26. Ke2 Ne8 27. Nd5 Be6 28.
Kd2 Bxd5 29. Bxd5 Rd7 30. Re1 Nf6 31. Bg2 Kc8 32. a4 d5 33. Bxd5 Nxd5 34. Re8+
Rd8 35. Rxd8+ Kxd8 36. cxd5 Kd7 37. Ke3 Kd6 38. Kd4 b6 39. g4 hxg4 40. hxg4 Ke7
41. g5 Kd6 42. f3 Kd7 43. Ke5 Ke7 44. f4 Kd7 45. Kf6 Ke8 46. Ke5 Kd7 47. Ke4 Kd6
48. Kd4 Ke7 49. Ke5 Kd7 1/2-1/2

[Event "Julius Baer Gen Cup D3 L"]
[Site "chess.com INT"]
[Date "2024.09.30"]
[Round "6.1"]
[White "Gelfand, Boris"]
[Black "Korobov, Anton"]
[Result "1/2-1/2"]
[WhiteTitle "GM"]
[BlackTitle "GM"]
[WhiteElo "2658"]
[BlackElo "2650"]
[WhiteFideId "2805677"]
[BlackFideId "14105730"]
[EventDate "2024.09.27"]
[EventType "k.o."]

1. d4 d5 2. c4 c6 3. Nf3 Nf6 4. cxd5 cxd5 5. Nc3 Nc6 6. Bf4 a6 7. Qb3 Na5 8. Qc2
e6 9. e3 Bd7 10. Bd3 Rc8 11. O-O Nc4 12. Qe2 Bb4 13. Rfc1 b5 14. a4 Bxc3 15.
Rxc3 bxa4 16. Ne5 Nxe5 17. Rxc8 Qxc8 18. Bxe5 O-O 19. Bxf6 gxf6 20. Qg4+ Kh8 21.
Qh4 f5 22. Qf6+ Kg8 23. Qg5+ Kh8 24. Qf6+ Kg8 25. Qg5+ Kh8 26. Qf6+ 1/2-1/2

[Event "Julius Baer Gen Cup D3 L"]
[Site "chess.com INT"]
[Date "2024.09.30"]
[Round "6.1"]
[White "Keymer, Vincent"]
[Black "Sindarov, Javokhir"]
[Result "1/2-1/2"]
[WhiteTitle "GM"]
[BlackTitle "GM"]
[WhiteElo "2730"]
[BlackElo "2677"]
[WhiteFideId "12940690"]
[BlackFideId "14205483"]
[EventDate "2024.09.27"]
[EventType "k.o."]

1. c4 g6 2. Nc3 c5 3. g3 Bg7 4. Bg2 Nf6 5. e3 O-O 6. Nge2 Nc6 7. O-O d6 8. d4
Bf5 9. d5 Na5 10. b3 a6 11. Bb2 Rb8 12. a4 Qb6 13. Ra3 Nxc4 14. bxc4 Qxb2 15.
Rb3 Qc2 16. e4 Qxd1 17. Rxd1 Bc8 18. Rdb1 Ng4 19. Nd1 Bd7 20. Rxb7 Rxb7 21. Rxb7
Bxa4 22. Nb2 Bc2 23. h3 Ne5 24. Nc1 g5 25. Kf1 a5 26. Ke2 a4 27. Kd2 a3 28. Kxc2
axb2 29. Rxb2 Nxc4 30. Rb7 Bf6 31. Bf1 Ne5 32. f4 gxf4 33. gxf4 Ng6 34. Nd3 c4
35. Nb4 Nxf4 36. Nc6 e6 37. Bxc4 exd5 38. Bxd5 Nxh3 39. Rd7 Nf4 40. Rxd6 Kg7 41.
e5 Nxd5 42. Rxd5 Bh4 43. Kd3 Ra8 44. Nd4 Bf2 45. Nf5+ Kg6 46. Ne7+ Kg7 47. Ke4
Ra4+ 48. Kf3 Bh4 49. Nf5+ Kg6 50. Nxh4+ Rxh4 51. Rd6+ Kg7 52. Rd7 Rh6 53. Kf4
Ra6 54. Rd1 Kf8 55. Rh1 h6 56. Kf5 Rg6 57. Kf4 Ke7 58. Kf5 Rg5+ 59. Kf4 Rg6 60.
Kf5 Ke8 61. Rh2 Kf8 62. Rh1 Kg7 63. Kf4 Rg2 64. Rb1 h5 65. Kf5 Rg6 66. Rh1 Kh6
67. Rh4 Rg1 68. Rf4 Rg6 69. Rh4 Rg2 70. Rf4 Kg7 71. Rh4 Rf2+ 72. Kg5 Re2 73. Kf5
Kh6 74. Rf4 Kg7 75. Rh4 Rf2+ 76. Kg5 Re2 77. Kf5 1/2-1/2

[Event "Julius Baer Gen Cup D3 L"]
[Site "chess.com INT"]
[Date "2024.09.30"]
[Round "6.2"]
[White "Korobov, Anton"]
[Black "Gelfand, Boris"]
[Result "0-1"]
[WhiteTitle "GM"]
[BlackTitle "GM"]
[WhiteElo "2650"]
[BlackElo "2658"]
[WhiteFideId "14105730"]
[BlackFideId "2805677"]
[EventDate "2024.09.27"]
[EventType "k.o."]

1. e4 c5 2. c3 Nf6 3. e5 Nd5 4. d4 cxd4 5. Qxd4 e6 6. Nf3 Nc6 7. Qe4 f5 8. exf6
Nxf6 9. Qh4 Be7 10. Bd3 d5 11. Bg6+ Kf8 12. O-O Kg8 13. Bc2 e5 14. Bg5 h6 15.
Bxf6 Bxf6 16. Qg3 e4 17. Nd4 Bxd4 18. cxd4 Nxd4 19. Na3 Ne2+ 0-1

[Event "Julius Baer Gen Cup D3 L"]
[Site "chess.com INT"]
[Date "2024.09.30"]
[Round "6.2"]
[White "Sindarov, Javokhir"]
[Black "Keymer, Vincent"]
[Result "0-1"]
[WhiteTitle "GM"]
[BlackTitle "GM"]
[WhiteElo "2677"]
[BlackElo "2730"]
[WhiteFideId "14205483"]
[BlackFideId "12940690"]
[EventDate "2024.09.27"]
[EventType "k.o."]

1. e4 e5 2. Nf3 Nc6 3. Bc4 Nf6 4. Ng5 d5 5. exd5 Na5 6. Bb5+ c6 7. dxc6 bxc6 8.
Bd3 Nd5 9. Nf3 Bd6 10. O-O O-O 11. Re1 f5 12. Nxe5 Qf6 13. Nf3 g5 14. Nc3 g4 15.
Nxd5 cxd5 16. Rb1 Nc6 17. b3 Qh6 18. h3 gxh3 19. Bb2 f4 20. Nh2 f3 21. g3 Bxg3
22. Kh1 Bxh2 23. Kxh2 Qf4+ 24. Kh1 h2 25. Re3 Bh3 26. Bf1 Bf5 27. Bd3 Bh3 28.
Bf1 Bf5 29. Bd3 Bxd3 30. cxd3 Rf5 31. Qf1 Qg4 32. Rbe1 Raf8 33. Re6 Nb4 34. Rh6
Nxd3 35. Re7 Qg2+ 36. Qxg2+ fxg2+ 37. Kxh2 Nxb2 38. Rexh7 Rg5 39. Kg1 Nd3 40.
Rh8+ Kf7 41. R8h7+ Rg7 42. Rxg7+ Kxg7 43. Rd6 Nf4 0-1

[Event "Julius Baer Gen Cup D3 L"]
[Site "chess.com INT"]
[Date "2024.09.30"]
[Round "7.1"]
[White "Gelfand, Boris"]
[Black "Keymer, Vincent"]
[Result "1/2-1/2"]
[WhiteTitle "GM"]
[BlackTitle "GM"]
[WhiteElo "2658"]
[BlackElo "2730"]
[WhiteFideId "2805677"]
[BlackFideId "12940690"]
[EventDate "2024.09.27"]
[EventType "k.o."]

1. d4 Nf6 2. c4 e6 3. Nf3 d5 4. g3 Bb4+ 5. Bd2 Be7 6. Bg2 O-O 7. O-O c6 8. Qc2
Nbd7 9. b4 Ne4 10. Be1 b6 11. a4 a5 12. bxa5 bxa5 13. Nc3 Nxc3 14. Bxc3 Ba6 15.
c5 Qc7 16. Rfb1 Rfb8 17. e3 Bd8 18. Rxb8 Rxb8 19. Rb1 h6 20. Nd2 Rxb1+ 21. Qxb1
e5 22. Nb3 Qb8 23. Bf1 Bxf1 24. Kxf1 e4 25. Qd1 Qc8 26. Kg2 Qa6 27. Qf1 Qb7 28.
Qd1 Qa6 29. Qf1 Qb7 30. Qd1 Qa6 1/2-1/2

[Event "Julius Baer Gen Cup D3 L"]
[Site "chess.com INT"]
[Date "2024.09.30"]
[Round "7.2"]
[White "Keymer, Vincent"]
[Black "Gelfand, Boris"]
[Result "1/2-1/2"]
[WhiteTitle "GM"]
[BlackTitle "GM"]
[WhiteElo "2730"]
[BlackElo "2658"]
[WhiteFideId "12940690"]
[BlackFideId "2805677"]
[EventDate "2024.09.27"]
[EventType "k.o."]

1. c4 c5 2. Nf3 Nf6 3. Nc3 Nc6 4. g3 d5 5. cxd5 Nxd5 6. Bg2 g6 7. h4 Bg7 8. h5
O-O 9. Ng5 Nf6 10. hxg6 hxg6 11. Bxc6 bxc6 12. Qb3 Qd4 13. d3 Ng4 14. Nce4 Bf5
15. Nf3 Qd5 16. Qxd5 cxd5 17. Nxc5 Rfc8 18. Nb3 a5 19. a4 e5 20. Nh2 Nxh2 21.
Rxh2 Rab8 22. Nd2 e4 23. dxe4 dxe4 24. g4 Bxg4 25. Rh4 Be6 26. Nxe4 Bxb2 27.
Bxb2 Rxb2 28. Rd1 Kg7 29. Ng3 Rc4 30. Rxc4 Bxc4 31. Rd4 Rb4 32. Ne4 Rxa4 33. Nd6
Ra1+ 34. Kd2 Ra2+ 35. Ke3 Bb3 36. Nb5 a4 37. Rb4 Ra1 38. Nd4 Bd5 39. Rb5 Bc4 40.
Ra5 Ra3+ 41. Kd2 Ra2+ 42. Ke3 a3 43. f3 f5 44. Ra4 Bf7 45. f4 Ra1 46. Nc2 Rc1
47. Nxa3 Rc7 48. Ra5 Re7+ 49. Kf2 Kf6 50. Nb5 g5 51. Ra6+ Re6 52. Rxe6+ Bxe6 53.
fxg5+ Kxg5 54. Nd4 Bd7 55. e3 f4 56. Nf3+ Kf5 57. exf4 Kxf4 1/2-1/2

[Event "Julius Baer Gen Cup D3 L"]
[Site "chess.com INT"]
[Date "2024.09.30"]
[Round "7.3"]
[White "Gelfand, Boris"]
[Black "Keymer, Vincent"]
[Result "0-1"]
[WhiteTitle "GM"]
[BlackTitle "GM"]
[WhiteElo "2658"]
[BlackElo "2730"]
[WhiteFideId "2805677"]
[BlackFideId "12940690"]
[EventDate "2024.09.27"]
[EventType "k.o."]

1. Nf3 Nf6 2. c4 e6 3. g3 d5 4. Bg2 d4 5. d3 Bb4+ 6. Bd2 a5 7. O-O Nc6 8. Bg5
O-O 9. Na3 h6 10. Bxf6 Qxf6 11. Nc2 e5 12. Rb1 Qe7 13. Qc1 Bd6 14. b3 Bg4 15. a3
f5 16. Qb2 Rad8 17. b4 axb4 18. axb4 e4 19. dxe4 fxe4 20. Nfxd4 Nxd4 21. Nxd4
Be5 22. e3 Bf3 23. c5 Kh8 24. Qc3 Qf6 25. Bxf3 exf3 26. Rbd1 Qg6 27. Kh1 Rd5 28.
Qc2 Qg4 29. Nb3 Rfd8 30. Rxd5 Rxd5 31. Nd2 h5 32. Rg1 Bf6 33. Ne4 Be7 34. Nc3
Rd8 35. Nb5 c6 36. Nd4 Bf6 37. Nf5 Qxb4 38. Nd6 Rd7 39. Qg6 Qg4 40. Qe8+ Kh7 41.
Ne4 Be7 42. Qc8 Rd5 43. Qxg4 hxg4 44. h3 gxh3 45. Rb1 Re5 46. Nd2 Bxc5 47. Rxb7
Bxe3 48. fxe3 Rxe3 49. Rb1 f2 50. Rf1 Re2 51. Nf3 c5 52. Kh2 c4 53. Kxh3 c3 54.
Kg2 c2 55. Rc1 Kg6 56. Kf1 Re3 57. Kxf2 Rc3 58. Ne1 Kf5 59. Rxc2 Ra3 60. Ng2 Kg6
61. Ne3 Kh7 62. Kf3 Ra5 63. Kf4 Ra3 64. g4 Ra4+ 65. Rc4 Ra7 66. Rc5 Rf7+ 67. Nf5
Ra7 68. Kg5 Ra6 69. Re5 Rg6+ 0-1

[Event "Julius Baer Gen Cup D3 L"]
[Site "chess.com INT"]
[Date "2024.09.30"]
[Round "8.1"]
[White "Keymer, Vincent"]
[Black "Moussard, Jules"]
[Result "1-0"]
[WhiteTitle "GM"]
[BlackTitle "GM"]
[WhiteElo "2730"]
[BlackElo "2600"]
[WhiteFideId "12940690"]
[BlackFideId "642908"]
[EventDate "2024.09.27"]
[EventType "k.o."]

1. c4 e6 2. Nc3 d5 3. d4 Nf6 4. cxd5 exd5 5. Bg5 c6 6. e3 h6 7. Bh4 Be7 8. Bd3
O-O 9. Bg3 Bd6 10. Nf3 Bxg3 11. hxg3 Qe7 12. Qc2 Be6 13. Ne2 Nbd7 14. Nf4 c5 15.
Nxe6 fxe6 16. O-O Rac8 17. Rac1 e5 18. Bf5 e4 19. Nh4 Qd6 20. Ng6 Rfe8 21. dxc5
Rxc5 22. Qa4 a6 23. Bxd7 Qxd7 24. Qxd7 Nxd7 25. Rxc5 Nxc5 26. Nf4 d4 27. exd4
Ne6 28. Nxe6 Rxe6 29. Rd1 e3 30. d5 e2 31. Re1 Re5 32. g4 Kf7 33. f3 Rxd5 34.
Rxe2 a5 35. Kh2 Kf6 36. Kg3 Rd4 37. Re3 b5 38. a3 Rd2 39. Rb3 Rd5 40. Kf4 Ke6
41. Ke3 Re5+ 42. Kd2 Rd5+ 43. Rd3 Rc5 44. Rc3 Rd5+ 45. Ke2 Ke5 46. Rc7 Kf6 47.
Rb7 Rc5 48. Kd3 g6 49. Rb6+ Kg5 50. g3 a4 51. Kd4 Rc4+ 52. Kd5 Rc2 53. Rxb5 Kf6
54. Rb6+ Kg5 55. Rb5 Rg2 56. Ke4+ Kf6 57. Rb4 Kg5 58. Ke3 Kf6 59. Kf4 Rc2 60.
Rb6+ Kf7 61. Ke4 Rg2 62. Rb4 Kf6 63. Rxa4 Rxb2 64. Rd4 Rg2 65. a4 Ra2 66. Kd5
Ra3 67. Rf4+ Kg5 68. Kc6 h5 69. gxh5 gxh5 70. Kb5 Ra1 71. a5 Rb1+ 72. Rb4 Rf1
73. Rb3 Rg1 74. a6 Rxg3 75. a7 1-0

[Event "Julius Baer Gen Cup D3 L"]
[Site "chess.com INT"]
[Date "2024.09.30"]
[Round "8.2"]
[White "Moussard, Jules"]
[Black "Keymer, Vincent"]
[Result "1/2-1/2"]
[WhiteTitle "GM"]
[BlackTitle "GM"]
[WhiteElo "2600"]
[BlackElo "2730"]
[WhiteFideId "642908"]
[BlackFideId "12940690"]
[EventDate "2024.09.27"]
[EventType "k.o."]

1. e4 e5 2. Nf3 Nc6 3. Bb5 a6 4. Ba4 Nf6 5. d3 Bc5 6. Bxc6 dxc6 7. O-O Qe7 8.
Nbd2 O-O 9. Nc4 Nd7 10. Be3 Bd6 11. Re1 c5 12. Nfd2 b6 13. Nxd6 cxd6 14. f4 Bb7
15. Qg4 f5 16. exf5 Rae8 17. Bf2 Qd8 18. Bh4 Nf6 19. Qg3 Qd7 20. fxe5 dxe5 21.
Bxf6 Rxf6 22. Re3 Rxf5 23. Rf1 Rxf1+ 24. Nxf1 Re6 25. Rxe5 Rg6 26. Rg5 Qd4+ 27.
Ne3 Rxg5 28. Qxg5 h6 29. Qe7 Kh7 30. b3 Bc6 31. Qe6 Bd7 32. Qe4+ Qxe4 33. dxe4
Bc6 34. e5 Kg6 35. Kf2 Kf7 36. Kg3 Ke6 37. Kf4 g5+ 38. Kg4 Kxe5 39. Kh5 Kf4 40.
Nc4 Bxg2 41. Nxb6 Be4 42. c3 Bb1 43. a3 Ba2 44. b4 cxb4 45. axb4 Be6 46. c4 g4
47. c5 g3 48. hxg3+ Kxg3 49. c6 Kf4 50. c7 Ke5 51. Kg6 Kd6 52. c8=Q Bxc8 53.
Nxc8+ Kc6 54. Ne7+ Kb5 55. Nd5 Kc4 56. Nc7 Kxb4 57. Nxa6+ Ka5 58. Kxh6 1/2-1/2